| 000 | 00428cam a2200169ua 4500 | ||
|---|---|---|---|
| 020 | _a0521240824 | ||
| 041 |
_aeng _h |
||
| 082 |
_a634.6 _bNOR/EC |
||
| 100 | _aNorman, MT. | ||
| 245 |
_aEcology of tropical food crops / _cMT Norman. _hTextual Documents |
||
| 260 |
_a : _bCambridge university press , _c1984. |
||
| 300 | _a369 ; . | ||
| 504 | _a | ||
| 700 | 1 | _aPearson cj, Seavle PGE . | |
| 942 | _cBK | ||
| 999 |
_c2797 _d2797 |
||